• 首页
  • 本馆介绍
  • 公告通知
  • 最新文献
  • 馆藏检索
  • 电子资源
  • 读者导购
  • 参考咨询
  • 我的图书馆
  • 登录
  • 详细信息显示
  • 放入我的书架
  • 预约/预借图书
  • 作者相关作品
  • 分类相关作品
  • 丛书相关作品
  • 出版社相关作品

书目信息

  • 表格格式
  • 工作单格式
  • 卡片格式
题名:
汉语语源学
    
 
作者: 任继昉 著
分册:  
出版信息: 重庆   重庆出版社  2004
页数: 291页
开本: 21cm
丛书名:
单 册:
中图分类: H139
科图分类:
主题词: 汉语--词源学 , 汉语 , 词源学
电子资源:
ISBN: 7-5366-1670-8
000 00827nam0 2200265 450
001 002689832
005 20061109171647.81
010    @a7-5366-1670-8@dCNY18.00
100    @a20040726d2004 em y0chiy0110 ea
101 0  @achi
102    @aCN@b500000
105    @aa z 000yy
200 1  @a汉语语源学@9han yu yu yuan xue@f任继昉著
210    @a重庆@c重庆出版社@d2004
215    @a291页@c照片@d21cm
300    @a重庆出版社科学学术著作出版基金资助
305    @a版次依据初版书目数据著录
330    @a该书由“语源和语源学”、“语源学原理”、“词族的结构关系”、“语源的研究方法”4章组成。书中作者设计了一套语源学概念术语体系。
606 0  @a汉语@x词源学
606 0  @a汉语
606 0  @a词源学
690    @aH139@v4
701  0 @a任继昉@9ren ji fang@f(1955.5~)@4著
801  0 @aCN@bNLC@c20061109
905    @a10447@dH139@e270
    
    汉语语源学/任继昉著.-重庆:重庆出版社,2004
    291页:照片;21cm
    重庆出版社科学学术著作出版基金资助
    
    ISBN 7-5366-1670-8:CNY18.00
    该书由“语源和语源学”、“语源学原理”、“词族的结构关系”、“语源的研究方法”4章组成。书中作者设计了一套语源学概念术语体系。
●
相关链接 在E读中查询图书 在五车中查询图书 在当当中查询图书 在豆瓣中查询图书


正题名:汉语语源学     索取号:H139/270         预约/预借

序号 登录号 条形码 馆藏地/架位号 状态 备注
1 0384685   203846856   第二样本阅览室/ [索取号:H139/270] 在馆    
2 0384686   203846865   第四借阅区/ [索取号:H139/270] 在馆    
3 0384687   203846874   第四借阅区/ [索取号:H139/270] 在馆    
4 0384688   203846883   第四借阅区/ [索取号:H139/270] 在馆    
5 0384689   203846892   第四借阅区/ [索取号:H139/270] 在馆    
唐山师范学院图书馆 欢迎您!
大连网信软件有限公司© 版权所有